Music Quiz

Random Music or Song Quiz

Mystery song Quiz Stats

 Plays Quiz not verified by Sporcle

Challenge
Share
Tweet
Embed
Score 0/257 Timer 08:00
0 Plays Today
Answer % Correct
the
100%
the
100%
the
100%
the
100%
the
100%
the
100%
the
100%
the
100%
the
100%
the
100%
the
100%
the
100%
the
100%
the
100%
the
100%
I
98.6%
I
98.6%
I
98.6%
I
98.6%
I
98.6%
I
98.6%
I
98.6%
I
98.6%
I
98.6%
I
98.6%
a
97.2%
a
97.2%
you
93%
an'
93%
You
93%
an'
93%
an'
93%
you.
93%
You
93%
You
93%
you
93%
you
93%
You
93%
you
93%
You
93%
You
93%
you
93%
an
93%
An'
93%
you
93%
You
93%
an'
93%
an'
93%
You
93%
an'
93%
an'
93%
you.
93%
You
93%
You
93%
you
93%
you
93%
An'
93%
an'
93%
in
91.5%
it
90.1%
It
90.1%
It
90.1%
It
90.1%
It
90.1%
it
90.1%
it
90.1%
on
85.9%
on
85.9%
on
85.9%
on
85.9%
on
85.9%
on
85.9%
your
84.5%
your
84.5%
be
84.5%
be
84.5%
me.
83.1%
me.
83.1%
me
83.1%
me.
83.1%
me.
83.1%
my
81.7%
to
81.7%
my
81.7%
my
81.7%
my
81.7%
Answer % Correct
my
81.7%
to
81.7%
to
81.7%
that
80.3%
that
80.3%
when
78.9%
love
76.1%
love
76.1%
this
74.6%
do
74.6%
of
73.2%
of
73.2%
of
73.2%
of
73.2%
of
73.2%
of
73.2%
you're
69%
all.
69%
if
69%
all
69%
for
67.6%
so
67.6%
for
67.6%
how
64.8%
they
64.8%
how
64.8%
was
63.4%
was
63.4%
was
63.4%
was
63.4%
was
63.4%
I'm
62%
I'm
62%
there
60.6%
One
59.2%
one
59.2%
too
57.7%
were
57.7%
were
57.7%
were
57.7%
with
56.3%
with
56.3%
could
53.5%
or
53.5%
day.
53.5%
but
53.5%
as
53.5%
mine
50.7%
heart
49.3%
night
49.3%
heart
49.3%
at
49.3%
heart
49.3%
heart
49.3%
take
46.5%
had
46.5%
had
46.5%
had
46.5%
up
45.1%
like
45.1%
like
45.1%
up
45.1%
up
45.1%
like
45.1%
like
45.1%
up
45.1%
own.
43.7%
would
42.3%
would
42.3%
out
40.8%
out
40.8%
got
40.8%
got
40.8%
many
39.4%
life
39.4%
here
39.4%
life
39.4%
get
38%
into
36.6%
That's
36.6%
times.
35.2%
leave
33.8%
alone.
33.8%
nothin'
31%
nothin'
31%
away.
29.6%
Answer % Correct
knew
29.6%
over
29.6%
took
28.2%
think
28.2%
again.
28.2%
bein'
26.8%
ain't
26.8%
thought
26.8%
ain't
26.8%
live
26.8%
stole
25.4%
stole
25.4%
came
23.9%
even
23.9%
came
23.9%
gonna
22.5%
gonna
22.5%
didn't
21.1%
didn't
21.1%
enough
19.7%
bet
19.7%
bet
19.7%
hurt
18.3%
stand
18.3%
bone.
16.9%
play
16.9%
lock
15.5%
lock
15.5%
hand
14.1%
real
14.1%
games
12.7%
chance.
12.7%
sleeve
12.7%
line.
11.3%
Robin
11.3%
Hood
11.3%
fall.
11.3%
ace
11.3%
made
11.3%
Robin
11.3%
Hood
11.3%
locked
9.9%
kept
9.9%
crime
9.9%
century.
9.9%
played
9.9%
Ali
9.9%
Baba
9.9%
forty
9.9%
thieves
9.9%
robbin'
9.9%
trains.
9.9%
crime
9.9%
century.
9.9%
exactly
9.9%
cards
9.9%
believe
9.9%
crime
9.9%
century.
9.9%
played
9.9%
Ali
9.9%
Baba
9.9%
forty
9.9%
thieves
9.9%
robbin'
9.9%
trains.
9.9%
crime
9.9%
century.
9.9%
rescued
8.5%
Jesse
8.5%
James.
8.5%
gamble
8.5%
rescued
8.5%
Jesse
8.5%
James.
8.5%
hundred
8.5%
deck,
7%
recall.
7%
guard
5.6%
stacked
5.6%
naive.
5.6%
Honey,
4.2%
fun
4.2%
romance.
2.8%
don'cha
2.8%

You're not logged in!

Compare scores with friends on all Sporcle quizzes.
OR
Log In

You Might Also Like...

Show Comments

Extras

Top Quizzes Today


Score Distribution

Your Account Isn't Verified!

In order to create a playlist on Sporcle, you need to verify the email address you used during registration. Go to your Sporcle Settings to finish the process.

Report this User

Report this user for behavior that violates our Community Guidelines.

Details: